| 000 | 00402nam a22001457a 4500 | ||
|---|---|---|---|
| 005 | 20200604101548.0 | ||
| 008 | 200604b xxu||||| |||| 00| 0 eng d | ||
| 082 | _a345.4 AIR | ||
| 110 |
_aThe All India Reporter1964 _95774 |
||
| 245 | _aThe All India Reporter1964 (V-51) MYSORE Section | ||
| 260 |
_aBOMBAY _bThe All India Reporter1964 _c1964 |
||
| 300 | _a576p. | ||
| 650 |
_aLAW _95701 |
||
| 942 | _cJRL | ||
| 999 |
_c6797 _d6795 |
||